00654 2200181 4500001002100000005001500021035002000036245004100056100000900097250001000106300001200116260004700128082001000175084001600185020002200201650001400223520023500237INLIS00000000000050220210409103430 a0010-04210000491 aBLOGPRENEUR /cAsep Syamsul M. Romli0 aAsep aCet.2 a144hal. aBandung :bPenerbit Nuansa Cendekia,c2017 a658.1 a658.1 ASE b a978-602-350-119-9 4aTeknologi aDi zaman sekarang, celah-celah untuk mendapatkan penghasilan sebenarnya makin terbuka. Dengan jaringan internet yang sudah merambah ke segala pelosok, terbuka banyak peluang untuk meraih pendapatan, bahkan untuk menjadi kaya-raya.